LIBRARY & INFORMATION CENTRE, KCAET, TAVANUR

ONLINE PUBLIC ACCESS CATALOGUE (OPAC)

REFINEMENT AND EVALUATION OF AUTOMATED NUTRIENT MONITORING AND CONTROL SYSTEM FOR SPINACH IN HYDROPONICS (Record no. 17715)

MARC details
000 -LEADER
fixed length control field 00504nam a22001577a 4500
003 - CONTROL NUMBER IDENTIFIER
control field OSt
082 ## - DEWEY DECIMAL CLASSIFICATION NUMBER
Classification number 631.7
088 ## - REPORT NUMBER
Report number 577
100 ## - MAIN ENTRY--AUTHOR NAME
Personal name ANAMIKA SATHEESH
-- SHALINI R
-- SISIRA K S
-- SWET RAJ
245 ## - TITLE STATEMENT
Title REFINEMENT AND EVALUATION OF AUTOMATED NUTRIENT MONITORING AND CONTROL SYSTEM FOR SPINACH IN HYDROPONICS
260 ## - PUBLICATION, DISTRIBUTION, ETC. (IMPRINT)
Place of publication TAVANUR
Name of publisher DEPARTMENT OF SOIL AND WATER CONSERVATION ENGINEERING
Year of publication 2023
300 ## - PHYSICAL DESCRIPTION
Number of Pages 116
700 ## - ADDED ENTRY--PERSONAL NAME
Personal name JINU.A (GUIDE)
700 ## - ADDED ENTRY--PERSONAL NAME
Personal name SREEJA.K (CO-GUIDE)
942 ## - ADDED ENTRY ELEMENTS (KOHA)
Koha item type Project Report
Holdings
Collection code Home library Current library Full call number Accession Number Koha item type
Reference KAUAET KAUAET 631.7 P 577 Project Report
free website counter